000 00661nam a2200265Ia 4500
005 20260121170003.0
008 008 260114s9999 xx 000 0 eng d
020 _a9784431557975
037 _aEBOOK
040 _aCRL
040 _beng
040 _cCRL
041 _2eng
041 _aeng
084 _qCRL
100 _aNaoyuki Yoshino, Farhad Taghizadeh-Hesary
_91058432
245 0 _aMonetary Policy and the Oil Market
260 _bSpringer
260 _bSpringer
260 _c2016
856 _uhttps://link.springer.com/openurl?genre=book&isbn=978-4-431-55797-5
942 _cEBOOK
999 _c1624161
_d1624161